名前に方角を含む市町村 東・西版 - Statistics

General Stats
  • This quiz has been taken 421 times
  • The average score is 46 of 78
Answer Stats
方角 都道府県 市町村名 % Correct
東京都 西東京市
90%
西 東京都 西東京市
90%
沖縄県 東村
87%
東京都 東久留米市
82%
大阪府 東大阪市
82%
広島県 東広島市
82%
東京都 東村山市
81%
香川県 東かがわ市
79%
宮城県 東松島市
77%
埼玉県 東松山市
77%
兵庫県 加東市
75%
西 兵庫県 西宮市
75%
東京都 東大和市
74%
西 兵庫県 加西市
74%
静岡県 東伊豆町
72%
愛知県 東海市
72%
滋賀県 東近江市
71%
茨城県 東海村
69%
大阪府 大東市
67%
大分県 国東市
67%
西 静岡県 湖西市
67%
西 静岡県 西伊豆町
67%
山形県 東根市
66%
静岡県 伊東市
65%
西 愛媛県 西条市
65%
西 愛知県 西尾市
64%
西 長崎県 西海市
63%
北海道 東川町
62%
愛媛県 東温市
62%
西 兵庫県 川西市
62%
滋賀県 栗東市
60%
西 福島県 西会津町
60%
西 愛知県 愛西市
60%
千葉県 東金市
59%
西 愛媛県 西予市
59%
北海道 東神楽町
58%
青森県 東通村
58%
西 茨城県 筑西市
58%
長野県 東御市
57%
西 千葉県 印西市
56%
埼玉県 東秩父村
55%
徳島県 東みよし町
54%
長崎県 東彼杵町
54%
沖縄県 南大東村
54%
西 兵庫県 西脇市
54%
西 宮崎県 西都市
54%
青森県 東北町
53%
岐阜県 東白川村
53%
沖縄県 北大東村
53%
西 鹿児島県 西之表市
53%
群馬県 東吾妻町
52%
西 北海道 西興部村
52%
西 山形県 西川町
52%
西 青森県 西目屋村
51%
群馬県 榛東村
50%
秋田県 東成瀬村
49%
茨城県 坂東市
49%
三重県 東員町
49%
西 岩手県 西和賀町
49%
奈良県 東吉野村
48%
西 山形県 川西町
48%
西 奈良県 川西町
48%
愛知県 東浦町
47%
西 沖縄県 西原町
45%
西 福島県 西郷村
44%
西 岡山県 西粟倉村
44%
西 宮崎県 西米良村
44%
高知県 東洋町
43%
千葉県 東庄町
42%
愛知県 東栄町
42%
西 山梨県 西桂町
42%
西 島根県 西ノ島町
42%
愛知県 東郷町
41%
福岡県 東峰村
40%
西 熊本県 西原村
40%
鹿児島県 東串良町
39%
西 高知県 芸西村
39%
熊本県 玉東町
32%
No matching quizzes found
Score Distribution
Percent of People with Each Score
Percentile by Number Answered
Your Score History
You have not taken this quiz